ARRUPE JESUIT UNIVERSITY

CORONAVIRUS -STOP THE SPREAD - CLEAN,DISINFECT,COVER

The scourge of human trafficking : (Record no. 129772)

MARC details
000 -LEADER
fixed length control field 01035cam a2200301 i 4500
001 - CONTROL NUMBER
control field 19394944
003 - CONTROL NUMBER IDENTIFIER
control field ARRUPE
005 - DATE AND TIME OF LATEST TRANSACTION
control field 20190903105227.0
008 - FIXED-LENGTH DATA ELEMENTS--GENERAL INFORMATION
fixed length control field 161205s2016 rh a b 000 0 eng
010 ## - LIBRARY OF CONGRESS CONTROL NUMBER
LC control number 2015334656
020 ## - INTERNATIONAL STANDARD BOOK NUMBER
International Standard Book Number 9780797472433
040 ## - CATALOGING SOURCE
Original cataloging agency DLC
Language of cataloging eng
Transcribing agency DLC
Description conventions rda
042 ## - AUTHENTICATION CODE
Authentication code lcode
-- pcc
043 ## - GEOGRAPHIC AREA CODE
Geographic area code f------
050 00 - LIBRARY OF CONGRESS CALL NUMBER
Classification number HQ281
Item number .S36 2016
300 ## - PHYSICAL DESCRIPTION
Other physical details illustrations ;
Dimensions 21 cm
245 04 - TITLE STATEMENT
Title The scourge of human trafficking :
Remainder of title modern-day slavery /
Statement of responsibility, etc edited by Sr Janice McLaughlin.
260 ## - PUBLICATION, DISTRIBUTION, ETC. (IMPRINT)
Place of publication, distribution, etc Harare
Name of publisher, distributor, etc The African Forum for Catholic Social Teaching
Date of publication, distribution, etc 2016
300 ## - PHYSICAL DESCRIPTION
Extent vii, 59 pages :
504 ## - BIBLIOGRAPHY, ETC. NOTE
Bibliography, etc Includes bibliographical references.
650 #0 - SUBJECT ADDED ENTRY--TOPICAL TERM
Topical term or geographic name as entry element Human trafficking
Geographic subdivision Africa.
9 (RLIN) 47984
700 1# - ADDED ENTRY--PERSONAL NAME
Personal name McLaughlin, Janice,
Relator term editor.
9 (RLIN) 27650
710 2# - ADDED ENTRY--CORPORATE NAME
Corporate name or jurisdiction name as entry element African Forum for Catholic Social Teachings.
9 (RLIN) 47985
906 ## - LOCAL DATA ELEMENT F, LDF (RLIN)
a 7
b cbc
c origode
d 3
e ncip
f 20
g y-gencatlg
942 ## - ADDED ENTRY ELEMENTS (KOHA)
Source of classification or shelving scheme Library of Congress Classification
Koha item type Monograph ( Printed materials)
Holdings
Withdrawn status Lost status Source of classification or shelving scheme Damaged status Not for loan Collection code Home library Current library Shelving location Date acquired Total Checkouts Full call number Barcode Date last seen Price effective from Koha item type
    Library of Congress Classification     Main Collection ARRUPE LIBRARY ARRUPE LIBRARY Main Collection 03/09/2019   HQ281 .S36 2016 46600005349 03/09/2019 03/09/2019 Monograph ( Printed materials)

 

Arrupe Library. PO Box MP320 Mt Pleasant, Harare, Zimbabwe
263 242 745411|librarian@aju.ac.zw